[Event "Mecklenburg VP Verbandsliga 2223"]
[Site "Mecklenburg VP"]
[Date "2023.02.26"]
[Round "6.8"]
[White "Popp, Michael1111"]
[Black "Bahr, Enrico"]
[Result "1/2-1/2"]
[WhiteElo "1958"]
[BlackElo "2003"]
[PlyCount "44"]
[EventDate "2022.10.23"]
[EventType "team-tourn"]
[EventRounds "9"]
[EventCountry "GER"]
[SourceTitle "EXT 2024"]
[Source "ChessBase"]
[SourceDate "2023.10.10"]
[SourceVersion "1"]
[SourceVersionDate "2023.10.10"]
[SourceQuality "1"]
[WhiteTeam "Schwerin SF II"]
[BlackTeam "Wismar ASV Gruen-Weiss"]
[WhiteTeamCountry "GER"]
[BlackTeamCountry "GER"]

1. e4 d5 2. exd5 Qxd5 3. Nc3 Qa5 4. d4 c6 5. Bc4 Nf6 6. Bd2 Bf5 7. h3 e6 8. Nf3 Qc7 9. Bb3 Nbd7 10. Qe2 Bd6 11. Nh4 Bg6 12. Nxg6 hxg6 13. 0-0-0 0-0-0 14. Kb1 Bf4 15. Qf3 Bxd2 16. Rxd2 Nb6 17. Ne4 Nxe4 18. Qxe4 Nd5 19. g3 Qb6 20. h4 a5 21. Qf3 Qc7 22. c4 Nb6 1/2-1/2

[Event "Mecklenburg VP Verbandsliga 1920"]
[Site "Mecklenburg VP"]
[Date "2020.02.02"]
[Round "6.6"]
[White "Kohn, Thomas2222"]
[Black "Bahr, Enrico"]
[Result "1/2-1/2"]
[WhiteElo "1964"]
[BlackElo "2003"]
[PlyCount "41"]
[EventDate "2019.09.29"]
[EventType "team-tourn"]
[EventRounds "9"]
[EventCountry "GER"]
[SourceTitle "EXT 2023"]
[Source "ChessBase"]
[SourceDate "2022.10.05"]
[SourceVersion "1"]
[SourceVersionDate "2022.10.05"]
[SourceQuality "1"]
[WhiteTeam "Stralsund HSG"]
[BlackTeam "Wismar ASV Gruen-Weiss"]
[WhiteTeamCountry "GER"]
[BlackTeamCountry "GER"]

1. Nf3 Nf6 2. g3 g6 3. Bg2 Bg7 4. 0-0 d6 5. d4 c6 6. c3 0-0 7. Nbd2 Bf5 8. Nh4 Bg4 9. h3 Bd7 10. e4 Qc8 11. Kh2 Na6 12. f4 Nc7 13. Qe2 Re8 14. Ndf3 d5 15. e5 Ne4 16. Nd2 f5 17. Nxe4 dxe4 18. Bh1 Be6 19. Ng2 b5 20. Ne3 Nd5 21. Rd1 1/2-1/2

[Event "Mecklenburg VP Verbandsliga 1920"]
[Site "Mecklenburg VP"]
[Date "2019.10.20"]
[Round "2.5"]
[White "Bahr, Enrico"]
[Black "Sowada, Christoph"]
[Result "1/2-1/2"]
[WhiteElo "2003"]
[BlackElo "1952"]
[PlyCount "35"]
[EventDate "2019.09.29"]
[EventType "team-tourn"]
[EventRounds "9"]
[EventCountry "GER"]
[SourceTitle "EXT 2023"]
[Source "ChessBase"]
[SourceDate "2022.10.05"]
[SourceVersion "1"]
[SourceVersionDate "2022.10.05"]
[SourceQuality "1"]
[WhiteTeam "Wismar ASV Gruen-Weiss"]
[BlackTeam "Greifswald II"]
[WhiteTeamCountry "GER"]
[BlackTeamCountry "GER"]

1. d4 f5 2. Nf3 d6 3. Bf4 g6 4. e3 Bg7 5. c3 c6 6. Nbd2 Nh6 7. h3 Nf7 8. Ng5 0-0 9. Qb3 d5 10. Nxf7 Rxf7 11. Nf3 e6 12. Bd3 Qb6 13. 0-0 Nd7 14. Rfe1 Re7 15. Be5 Bxe5 16. Nxe5 Nxe5 17. dxe5 Qc7 18. f4 1/2-1/2

[Event "Mecklenburg VP VL1819"]
[Site "Mecklenburg VP"]
[Date "2019.03.10"]
[Round "7.5"]
[White "Bahr, Enrico"]
[Black "Westphal, Wolfgang"]
[Result "0-1"]
[WhiteElo "1874"]
[BlackElo "2075"]
[PlyCount "106"]
[EventDate "2018.10.21"]
[EventType "team-tourn"]
[EventRounds "9"]
[EventCountry "GER"]
[SourceTitle "EXT 2022"]
[Source "ChessBase"]
[SourceDate "2021.10.06"]
[SourceVersion "1"]
[SourceVersionDate "2021.10.06"]
[SourceQuality "1"]
[WhiteTeam "Wismar ASV Gruen-Weiss"]
[BlackTeam "Schwerin SF II"]
[WhiteTeamCountry "GER"]
[BlackTeamCountry "GER"]

1. d4 Nf6 2. Nf3 b6 3. Bg5 Ne4 4. Bh4 Bb7 5. e3 h6 6. Bd3 g5 7. Bg3 d6 8. Nbd2 Nxd2 9. Qxd2 Bg7 10. c3 Nd7 11. e4 e5 12. 0-0-0 Qe7 13. Qe2 0-0-0 14. Rhe1 Rhe8 15. d5 Kb8 16. Nd2 f5 17. f3 fxe4 18. fxe4 Rf8 19. Bf2 Qf7 20. Be3 Qg6 21. b4 Nf6 22. Bg1 Bc8 23. c4 Bg4 24. Nf3 Nh5 25. Nxe5 Bxe5 26. Qxg4 Bc3 27. e5 Qe8 28. Re4 Qa4 29. Qe2 Qa3+ 30. Kb1 Qxb4+ 31. Kc1 Qa3+ 32. Kb1 Qb4+ 33. Kc1 Bxe5 34. c5 Qc3+ 35. Qc2 dxc5 36. Bxc5 Qxc2+ 37. Kxc2 Bd6 38. Bd4 Nf4 39. Bg7 Rg8 40. Bxh6 Nxd5 41. Kb3 Nf6 42. Re6 Ng4 43. h3 Nf2 44. Rd2 Bf4 45. Rxf2 Rxd3+ 46. Kc2 Rgd8 47. Ree2 R3d6 48. Bg7 Rc6+ 49. Bc3 Rd5 50. Kb2 Rb5+ 51. Kc2 Rbc5 52. Rf3 Be5 53. Ree3 Kc8 0-1

[Event "Mecklenburg VP LL2 West 1617"]
[Site "Mecklenburg VP"]
[Date "2016.11.06"]
[Round "2.1"]
[White "Bahr, Enrico"]
[Black "Jung, Werner"]
[Result "1-0"]
[WhiteElo "1827"]
[BlackElo "1884"]
[PlyCount "71"]
[EventDate "2016.10.16"]
[EventType "team-tourn"]
[EventRounds "9"]
[EventCountry "GER"]
[SourceTitle "EXT 2022"]
[Source "ChessBase"]
[SourceDate "2021.10.06"]
[SourceVersion "1"]
[SourceVersionDate "2021.10.06"]
[SourceQuality "1"]
[WhiteTeam "Wismar ASV Gruen-Weiss II"]
[BlackTeam "Schwerin SF IV"]
[WhiteTeamCountry "GER"]
[BlackTeamCountry "GER"]

1. d4 f5 2. Nf3 Nf6 3. Bf4 d6 4. e3 g6 5. Nbd2 Bg7 6. h3 Nh5 7. Bh2 0-0 8. Bc4+ d5 9. Bb3 Nc6 10. 0-0 Nf6 11. Ne5 e6 12. Nxc6 bxc6 13. Be5 Ne4 14. Nf3 Bxe5 15. Nxe5 Qd6 16. c4 c5 17. cxd5 exd5 18. Rc1 c4 19. Ba4 Rb8 20. b3 c5 21. bxc4 cxd4 22. Nc6 Rb6 23. cxd5 Nc3 24. Qc2 Nxa4 25. Qxa4 dxe3 26. fxe3 Re8 27. Qxa7 Ra6 28. Qd4 Rxa2 29. Rf3 Ba6 30. Qb4 Qxd5 31. Ne7+ Rxe7 32. Qxe7 Bc4 33. Qe8+ Kg7 34. Qe7+ Kg8 35. Qb4 Ba6 36. Qb8+ 1-0

[Event "Mecklenburg VP VL 1516"]
[Site "Mecklenburg VP"]
[Date "2016.04.10"]
[Round "8.7"]
[White "Schmidt, Reinhard"]
[Black "Bahr, Enrico"]
[Result "0-1"]
[WhiteElo "1795"]
[BlackElo "1821"]
[PlyCount "106"]
[EventDate "2015.09.20"]
[EventType "team-tourn"]
[EventRounds "9"]
[EventCountry "GER"]
[SourceTitle "EXT 2022"]
[Source "ChessBase"]
[SourceDate "2021.10.06"]
[SourceVersion "1"]
[SourceVersionDate "2021.10.06"]
[SourceQuality "1"]
[WhiteTeam "Warnemuende SF Ostsee"]
[BlackTeam "Wismar ASV Gruen-Weiss"]
[WhiteTeamCountry "GER"]
[BlackTeamCountry "GER"]

1. g4 d5 2. Bg2 c6 3. g5 Bf5 4. d3 e6 5. Nc3 h6 6. h4 hxg5 7. hxg5 Rxh1 8. Bxh1 Bd6 9. e4 Bg6 10. f4 Qb6 11. Qg4 Nd7 12. Kf1 Ne7 13. Nge2 0-0-0 14. Na4 Qb4 15. b3 Rh8 16. Bg2 dxe4 17. c3 Qb5 18. dxe4 Bh5 19. c4 Bxg4 20. cxb5 cxb5 21. Nb2 Ng6 22. e5 Bc5 23. Nd3 Bb6 24. Ba3 Be3 25. Bd6 Rh2 26. Ne1 Nxf4 27. Nxf4 Bxf4 28. g6 fxg6 29. Nf3 Bxf3 30. Bxf3 Nxe5 31. Bxe5 Bxe5 32. Rc1+ Kd7 33. Bg2 b6 34. Kg1 Rh5 35. Rd1+ Ke7 36. Bc6 Bd6 37. Rd3 Rc5 38. Be4 g5 39. Rd2 Bf4 40. Rc2 Kd6 41. Kf2 Rxc2+ 42. Bxc2 Kc5 43. Bg6 Kd4 44. Be8 b4 45. Ke2 e5 46. Bg6 g4 47. Bh5 g3 48. Bf3 Kc3 49. Bd5 Kb2 50. Kd3 b5 51. Bc6 Kxa2 52. Kc2 a5 53. Bd5 Ka3 0-1

[Event "Mecklenburg VP VL 1516"]
[Site "Mecklenburg VP"]
[Date "2016.02.21"]
[Round "6.7"]
[White "Winkler, Karl"]
[Black "Bahr, Enrico"]
[Result "1-0"]
[WhiteElo "1863"]
[BlackElo "1821"]
[PlyCount "117"]
[EventDate "2015.09.20"]
[EventType "team-tourn"]
[EventRounds "9"]
[EventCountry "GER"]
[SourceTitle "EXT 2022"]
[Source "ChessBase"]
[SourceDate "2021.10.06"]
[SourceVersion "1"]
[SourceVersionDate "2021.10.06"]
[SourceQuality "1"]
[WhiteTeam "Neubrandenburg SG Eintracht"]
[BlackTeam "Wismar ASV Gruen-Weiss"]
[WhiteTeamCountry "GER"]
[BlackTeamCountry "GER"]

1. e4 d5 2. exd5 Qxd5 3. Nc3 Qa5 4. d4 c6 5. Bd2 Nf6 6. Nf3 Bg4 7. Be2 e6 8. 0-0 Be7 9. Re1 0-0 10. Ne5 Bxe2 11. Qxe2 Qb6 12. Qd3 Na6 13. Be3 Rfd8 14. Nc4 Qc7 15. Qe2 Nb4 16. a3 Nbd5 17. Nxd5 Nxd5 18. c3 Rac8 19. Qg4 Bf6 20. Bg5 Bxg5 21. Qxg5 Qf4 22. Qxf4 Nxf4 23. Re4 Nd5 24. Kf1 Kf8 25. Rae1 Nf6 26. R4e3 c5 27. dxc5 Rxc5 28. Ne5 Rcd5 29. R3e2 Ke7 30. f4 Nd7 31. Nxd7 R8xd7 32. Kf2 Kd6 33. Re5 Kc5 34. b3 b5 35. Rd1 a5 36. Rd4 f6 37. Rdxd5+ Rxd5 38. Rxd5+ exd5 39. Ke3 a4 40. bxa4 bxa4 41. Kd3 f5 42. h3 h6 43. h4 g6 44. g3 h5 45. Kd2 d4 46. Kd3 dxc3 47. Kxc3 Kd5 48. Kb4 Ke4 49. Kxa4 Kf3 50. Kb4 Kxg3 51. a4 Kxf4 52. a5 Kg3 53. a6 Kxh4 54. a7 f4 55. a8Q Kg4 56. Qg2+ Kf5 57. Kc4 g5 58. Qh3+ Kg6 59. Qe6+ 1-0

[Event "Mecklenburg VP VL 1415"]
[Site "Mecklenburg VP"]
[Date "2015.01.18"]
[Round "5.4"]
[White "Bahr, Enrico"]
[Black "Schwetlick, Thomas"]
[Result "1/2-1/2"]
[WhiteElo "1836"]
[BlackElo "1853"]
[PlyCount "38"]
[EventDate "2014.09.21"]
[EventType "team-tourn"]
[EventRounds "9"]
[EventCountry "GER"]
[SourceTitle "EXT 2022"]
[Source "ChessBase"]
[SourceDate "2021.10.06"]
[SourceVersion "1"]
[SourceVersionDate "2021.10.06"]
[SourceQuality "1"]
[WhiteTeam "Wismar ASV Gruen-Weiss"]
[BlackTeam "Rostock HSG Uni"]
[WhiteTeamCountry "GER"]
[BlackTeamCountry "GER"]

1. d4 Nf6 2. Nf3 g6 3. Bg5 Bg7 4. e3 0-0 5. Bd3 d5 6. Nbd2 c5 7. c3 cxd4 8. exd4 Bf5 9. Bxf5 gxf5 10. 0-0 Ne4 11. Nxe4 fxe4 12. Nh4 f6 13. Be3 e6 14. Qh5 Nd7 15. g4 Qe8 16. Qxe8 Raxe8 17. Rac1 f5 18. gxf5 exf5 19. Ng2 Nb6 1/2-1/2

[Event "Mecklenburg VP-ch"]
[Site "Nakenstorf"]
[Date "2008.03.20"]
[Round "1"]
[White "Bahr, Enrico"]
[Black "Luther, Alexander"]
[Result "1-0"]
[WhiteElo "2011"]
[BlackElo "1377"]
[PlyCount "75"]
[EventDate "2008.03.20"]
[EventType "swiss"]
[EventRounds "9"]
[EventCountry "GER"]
[SourceTitle "EXT 2010"]
[Source "ChessBase"]
[SourceDate "2010.11.25"]
[SourceVersion "1"]
[SourceVersionDate "2010.11.25"]
[SourceQuality "1"]

1. d4 Nf6 2. Bg5 g6 3. Nf3 Bg7 4. Nbd2 0-0 5. e4 d6 6. h3 Re8 7. Bd3 e5 8. d5 c5 9. 0-0 a6 10. a4 Qc7 11. Qe2 h6 12. Bxf6 Bxf6 13. c3 Nd7 14. Rfc1 Bg7 15. b4 b6 16. Nh2 Nf6 17. Nc4 Nh5 18. a5 bxa5 19. bxa5 Nf4 20. Qf1 Nxd3 21. Qxd3 Rb8 22. Nb6 f5 23. f3 Rf8 24. Nf1 Bb7 25. Nd2 Qf7 26. Rab1 Rfd8 27. Rc2 Bf8 28. Rcb2 Kg7 29. Ndc4 fxe4 30. fxe4 Qc7 31. Rb3 Bc8 32. R1b2 Bd7 33. Nxd7 Rxb3 34. Nxf8 Rxf8 35. Rxb3 Qa7 36. Qb1 Rf7 37. Nxd6 c4+ 38. Rb6 1-0

[Event "Mecklenburg VP LL2 West 0708"]
[Site "Mecklenburg VP"]
[Date "2007.11.04"]
[Round "2.6"]
[White "Bahr, Enrico"]
[Black "Merz, Norbert"]
[Result "1/2-1/2"]
[WhiteElo "2010"]
[BlackElo "1644"]
[PlyCount "156"]
[EventDate "2007.10.21"]
[EventType "team-tourn"]
[EventRounds "9"]
[EventCountry "GER"]
[SourceTitle "EXT 2016"]
[Source "ChessBase"]
[SourceDate "2015.10.08"]
[SourceVersion "1"]
[SourceVersionDate "2015.10.08"]
[SourceQuality "1"]
[WhiteTeam "Neukloster II"]
[BlackTeam "Schwerin SV Einheit"]
[WhiteTeamCountry "GER"]
[BlackTeamCountry "GER"]

1. d4 e6 2. Nf3 d5 3. Bg5 Be7 4. Bxe7 Nxe7 5. Nbd2 Nd7 6. e4 Nf6 7. e5 Nd7 8. Bd3 c5 9. c3 c4 10. Bc2 Rb8 11. a4 a6 12. 0-0 Ng6 13. Re1 b5 14. axb5 Rxb5 15. b3 cxb3 16. Bxb3 Rb8 17. c4 dxc4 18. Bxc4 a5 19. d5 Nc5 20. dxe6 Bxe6 21. Bxe6 fxe6 22. Qc2 Rc8 23. Ne4 Nxe4 24. Qa4+ Qd7 25. Qxe4 0-0 26. Rxa5 Rf4 27. Qe2 Rfc4 28. Ra8 R4c7 29. Rxc8+ Qxc8 30. h4 Rc2 31. Qe3 Rc3 32. Qg5 Nh8 33. Kh2 Nf7 34. Qg4 Nh6 35. Qg5 Nf7 36. Qf4 Rc4 37. Re4 Rxe4 38. Qxe4 h6 39. Nd4 Qb8 40. Nf3 Qe8 41. Qd4 Qe7 42. g3 Qc7 43. Kh3 Qc2 44. g4 Qc7 45. Qf4 Qc3 46. Kg2 Qd3 47. g5 Qg6 48. Kh3 hxg5 49. Nxg5 Qd3+ 50. Kh2 Nxg5 51. hxg5 Qg6 52. Kg3 Qb1 53. Qf3 Qg6 54. Qg4 Kf7 55. Kh4 Kg8 56. f3 Kf8 57. Qh5 Qf5 58. g6 Qf4+ 59. Kh3 Ke8 60. Qh8+ Qf8 61. Qxf8+ Kxf8 62. Kg4 Ke7 63. Kf4 Kd7 64. Ke4 Kc7 65. Kd4 Kb6 66. f4 Kc6 67. Kc4 Kb6 68. Kd4 Kc6 69. Ke4 Kd7 70. Kd3 Kc7 71. Kc4 Kc6 72. Kd4 Kb6 73. f5 exf5 74. e6 Kc7 75. Ke5 Kd8 76. Kxf5 Ke7 77. Ke5 Kd8 78. Kd6 Ke8 1/2-1/2

[Event "Mecklenburg VP-ch Meister"]
[Site "Nakensdorf"]
[Date "2007.04.08"]
[Round "8.12"]
[White "Bahr, Enrico"]
[Black "Wulff, Jens Peter"]
[Result "1-0"]
[WhiteElo "2020"]
[BlackElo "1914"]
[PlyCount "73"]
[EventDate "2007.04.05"]
[EventType "swiss"]
[EventRounds "9"]
[EventCountry "GER"]
[SourceTitle "EXT 2015"]
[Source "ChessBase"]
[SourceDate "2014.11.20"]
[SourceVersion "1"]
[SourceVersionDate "2014.11.20"]
[SourceQuality "1"]

1. d4 c6 2. e4 Na6 3. c3 Nc7 4. Bd3 g6 5. Ne2 d6 6. 0-0 Bg7 7. Be3 Nh6 8. f3 f6 9. Qc1 Nf7 10. Nd2 Bd7 11. Kh1 Rc8 12. Qe1 b6 13. Ng3 0-0 14. f4 e6 15. Nf3 Nh8 16. Rd1 d5 17. Ne2 Nf7 18. Rg1 dxe4 19. Bxe4 Nd6 20. Bc2 Nd5 21. Bc1 Nc4 22. Qf2 Rf7 23. b3 Na5 24. Rge1 Qc7 25. c4 Ne7 26. Nc3 e5 27. dxe5 fxe5 28. Ne4 Nf5 29. fxe5 Bxe5 30. Nxe5 Qxe5 31. Ng5 Qf6 32. Nxf7 Qxf7 33. g4 c5 34. gxf5 Bc6+ 35. Be4 Bxe4+ 36. Rxe4 Qb7 37. Qg2 1-0